| 000 | 00479nam a22001937a 4500 | ||
|---|---|---|---|
| 003 | NUST - PNEC | ||
| 005 | 20170116180756.0 | ||
| 008 | 150407b xxu||||| |||| 00| 0 eng d | ||
| 020 | _a0070841683 | ||
| 040 | _cLIBRARY | ||
| 082 | _a330 BEG | ||
| 100 |
_92124 _aBegg David |
||
| 245 |
_aEconomics _cDavid Begg |
||
| 250 | _a2nd ed | ||
| 260 |
_aLondon. _bMcGraw Hill Book Company: _cc1984. |
||
| 300 |
_a770 _c21 cm. |
||
| 650 |
_92125 _aEconomics _xBS/MIS |
||
| 942 |
_2ddc _cBK |
||
| 999 |
_c62764 _d62764 |
||